000 00834nam a22002657a 4500
001 9185
003 FISKH
005 20251128084128.0
008 251128b cb ||||| |||| 00| 0 eng d
020 _a9788120737815
040 _aFISKH
_beng
_cFISKH
_dFISKH
082 _a 800
100 _aMarch, C. Louise
245 _aLook at Lisa go :
_bReady reader storybook /
260 _aNew Delhi :
_bSterling,
_c2008.
300 _a24 unnumbered pages :
_bcolor illustrations ;
_c28 cm
490 _aFisher price
505 _aE
520 _aLisa roller skates, rides a bicycle, swims and more. Walking is just too slow. Everyone who knows her says, "Look at Lisa go."
521 8 _a160
_bLexile estimate
521 8 _aE
_bRaz-Plus
650 _aBehavior
_vFiction
_xEverybody
942 _2ddc
_cBK
_n0
999 _c9185
_d9185